[Event "27th Reykjavik op"]
[Site "Reykjavik ISL"]
[Date "2012.03.07"]
[Round "2.25"]
[White "Dave, Dhyani"]
[Black "Krush, Irina"]
[WhiteElo "2205"]
[BlackElo "2461"]
[Result "0-1"]
[EventDate "2012.03.06"]
[PlyCount "108"]

1.e4 c6 2.d4 d5 3.e5 Bf5 4.c3 e6 5.Be3 Qb6 6.Qb3 Ne7 7.Nd2 f6 8.Ngf3 Nd7 
9.h3 h5 10.exf6 gxf6 11.Nh4 e5 12.dxe5 Qxb3 13.axb3 fxe5 14.Bg5 Be6 15.Be2
Bf7 16.f4 e4 17.b4 Nc8 18.g4 Rg8 19.Nf5 Nd6 20.Nh6 Rh8 21.Nxf7 Nxf7 22.h4 
hxg4 23.Bxg4 Nxg5 24.fxg5 Ne5 25.Be2 Be7 26.O-O-O Ng6 27.Rdg1 Kd7 28.h5 
Nf4 29.Bg4+ Kd6 30.g6 Bf8 31.Kc2 Bh6 32.Nb3 Raf8 33.Nd4 Ke5 34.Bd1 Rf6 35.
Rh2 a6 36.Bg4 b6 37.Ne2 Nd3 38.Rhg2 c5 39.bxc5 bxc5 40.Bd7 Rb8 41.Rb1 d4 
42.b3 Nf2 43.cxd4+ cxd4 44.Nxd4 Kxd4 45.Be6 Rxe6 46.Rxf2 Rc6+ 47.Kb2 Rc3 
48.Ka2 e3 49.Rg2 Rb7 50.Rgg1 Rcxb3 51.g7 R3b5 52.Rg4+ Kd3 53.Ra4 Rxb1 54.
Rxa6 Kd2 0-1

[Event "27th Reykjavik op"]
[Site "Reykjavik ISL"]
[Date "2012.03.07"]
[Round "2.46"]
[White "Vuilleumier, Alexandre"]
[Black "Sverrisson, Nokkvi"]
[WhiteElo "2350"]
[BlackElo "1928"]
[Result "1-0"]
[EventDate "2012.03.06"]
[PlyCount "72"]

1.e4 c5 2.Nf3 d6 3.c3 Nf6 4.h3 g6 5.Bd3 Bg7 6.O-O O-O 7.Re1 b6 8.Bc2 Bb7 
9.d4 cxd4 10.cxd4 Nbd7 11.Nc3 Qc7 12.Bg5 a6 13.Rc1 Rac8 14.Qd2 e5 15.d5 b5
16.Bb1 Qb8 17.Nh2 Nb6 18.b3 Nfd7 19.Ng4 b4 20.Ne2 a5 21.Nh6+ Kh8 22.Be7 
Bxh6 23.Qxh6 Rfe8 24.Bg5 Ba6 25.Ng3 Kg8 26.Nf1 f6 27.Bd2 Rxc1 28.Bxc1 Rc8 
29.h4 Rc7 30.h5 Qf8 31.Qd2 Nc5 32.Nh2 Bc8 33.hxg6 hxg6 34.Bc2 Rh7 35.a3 g5
36.Qe3 Ba6 ( 36...Qh6 37.Qg3 Bd7 38.axb4 axb4 39.Bd2 Na6 40.f4 Qg6 41.fxg5
Nxd5 42.Ng4 Bxg4 43.Qxg4 Nc5 44.Rf1 Rg7 45.Qc8+ Kh7 46.Rf3 Rg8 47.Qh3+ Kg7
48.Qh6+ ) 1-0

[Event "27th Reykjavik op"]
[Site "Reykjavik ISL"]
[Date "2012.03.07"]
[Round "2.66"]
[White "Hardarson, Jon Trausti"]
[Black "Mass, Elvira"]
[WhiteElo "1688"]
[BlackElo "2040"]
[Result "1/2-1/2"]
[EventDate "2012.03.06"]
[PlyCount "46"]

1.e4 d6 2.d4 Nf6 3.Nc3 g6 4.Nf3 Bg7 5.h3 O-O 6.Be3 Nbd7 7.Qd2 c5 8.Be2 a6 
9.a4 b6 10.O-O cxd4 11.Nxd4 Bb7 12.Bd3 Nc5 13.f3 Nxd3 14.cxd3 d5 15.e5 Ne8
16.Bf4 ( 16.f4 e6 17.Rac1 Rc8 18.Nce2 Nc7 19.Qb4 Na8 20.Rxc8 Qxc8 21.Rc1 
Qd7 22.Nb3 f6 23.exf6 Bxf6 24.Bxb6 d4 25.Nc5 Qd6 26.Bc7 Nxc7 27.Qxb7 Nd5 
28.Qxa6 Qxa6 29.Nxa6 Ra8 30.Rc6 Kf7 31.b4 e5 32.Nc7 Rc8 33.fxe5 Bxe5 34.
Rc5 Nxb4 35.Rxe5 Rxc7 36.Nxd4 Rc1+ 37.Kh2 Nxd3 38.Re3 Nc5 39.a5 Ra1 40.Nc6
h5 41.Re5 Nd3 42.Re7+ Kf6 43.Ra7 h4 44.Rd7 ) 16...e6 17.Rac1 Rc8 18.Nce2 
Nc7 19.Qb4 Na8 20.Rxc8 Qxc8 21.Rc1 Qd7 22.Nb3 f6 23.exf6 Bxf6 1/2-1/2

[Event "27th Reykjavik op"]
[Site "Reykjavik ISL"]
[Date "2012.03.08"]
[Round "3.52"]
[White "Sverrisson, Nokkvi"]
[Black "Edvardsson, Kristjan"]
[WhiteElo "1928"]
[BlackElo "2217"]
[Result "1-0"]
[EventDate "2012.03.06"]
[PlyCount "22"]

1.e4 d6 2.d4 Nf6 3.Nc3 g6 4.Be3 c6 5.Qd2 b5 6.f3 Nbd7 7.O-O-O b4 8.Nce2 a5
9.e5 Nd5 10.exd6 e6 11.Bg5 N5f6 ( 11...N7f6 12.Nf4 Qxd6 13.Ngh3 Bg7 14.
Nxd5 Qxd5 15.Kb1 O-O 16.Nf2 Re8 17.h4 Bb7 18.h5 Nd7 19.hxg6 hxg6 20.Bh6 
Bh8 21.Ne4 c5 22.Bb5 Red8 23.Bg5 f6 24.Rxh8+ Kxh8 25.Bxf6+ Nxf6 26.Nxf6 
Kg7 27.Nxd5 Rxd5 28.Qe2 Kf6 29.Bc4 ) 1-0

[Event "27th Reykjavik op"]
[Site "Reykjavik ISL"]
[Date "2012.03.08"]
[Round "3.92"]
[White "Steinthorsson, Felix"]
[Black "Fridthjofsdottir, Sigurlaug Regina"]
[WhiteElo "1298"]
[BlackElo "1731"]
[Result "0-1"]
[EventDate "2012.03.06"]
[PlyCount "16"]

1.d4 d5 2.Nf3 Nf6 3.Bf4 e6 4.e3 Be7 5.Nbd2 O-O 6.c3 c5 7.Bd3 Nc6 8.Ne5 
Nxe5 ( 8...h6 9.O-O cxd4 10.exd4 a6 11.h3 Bd7 12.Qf3 b5 13.Ng4 Nxg4 14.
hxg4 Bg5 15.Kh2 Bxf4+ 16.Qxf4 Qh4+ 17.Kg1 e5 18.dxe5 Qxg4 19.Qxg4 Bxg4 20.
f4 f6 21.Rfe1 fxe5 22.fxe5 Rae8 23.Bc2 Nxe5 24.a4 Nc4 25.Rxe8 Rxe8 26.Nxc4
dxc4 27.axb5 axb5 28.Bg6 Rd8 29.Kh2 Be6 30.Ra5 Rb8 31.Ra7 Kf8 32.Be4 Bf7 
33.Ra8 Rxa8 34.Bxa8 Be8 35.Kg3 Ke7 36.Kf4 Ke6 37.g3 Kd6 38.Bf3 Bd7 39.Be4 
g5+ 40.Ke3 Ke5 41.Bg6 Bc6 42.Bh7 h5 43.Ke2 h4 44.Kf2 h3 45.Kg1 g4 46.Bg6 
Bd7 47.Bc2 Bf5 48.Bd1 Be6 49.Bc2 Bd5 50.Bg6 Bc6 51.Kh2 Bd7 52.Bc2 Bc6 53.
Bg6 Kd6 54.Bf5 Bf3 55.Bc2 Kc5 56.b3 cxb3 57.Bxb3 Be2 58.Kg1 Bd3 59.Be6 Be2
60.Kh2 Kd6 61.Bb3 Ke5 62.Bc2 Kd5 63.Bb3+ Ke4 64.c4 bxc4 65.Bc2+ Ke3 66.Bf5
c3 67.Kg1 Bd1 ) 0-1

[Event "27th Reykjavik op"]
[Site "Reykjavik ISL"]
[Date "2012.03.10"]
[Round "5.13"]
[White "Steingrimsson, Hedinn"]
[Black "Akshayraj, Kore"]
[WhiteElo "2556"]
[BlackElo "2422"]
[Result "0-1"]
[EventDate "2012.03.06"]
[PlyCount "138"]

1.Nf3 Nf6 2.c4 c6 3.Nc3 d5 4.e3 g6 5.d4 Bg7 6.Be2 O-O 7.O-O dxc4 8.Bxc4 
Nbd7 9.a4 c5 10.d5 Nb6 11.Ba2 Bf5 12.Qe2 Ne4 13.Nxe4 Bxe4 14.Ng5 Bf5 15.a5
Nc8 16.e4 Bd7 17.Bd2 Nd6 18.Rfb1 Nb5 19.Qd3 Nd4 20.f4 h6 21.Nf3 Bb5 22.Bc4
Bxc4 23.Qxc4 Nxf3+ 24.gxf3 e6 25.Qxc5 Rc8 26.Qxa7 exd5 27.e5 Rc2 28.Qe3 
Qh4 29.Qd3 Rfc8 30.Rc1 Rxc1+ 31.Bxc1 Qe1+ 32.Qf1 Qb4 33.Qd3 d4 34.Kf1 Rc4 
35.Bd2 Qxb2 36.Rb1 Qa2 37.Rxb7 Rc2 38.Ke1 Bf8 39.a6 Rxd2 40.Qxd2 Qxa6 41.
Rb8 Kg7 42.Qxd4 Qa5+ 43.Kf1 Bc5 44.Qb2 Ba3 45.Qa1 Qa6+ 46.Kg2 Qe2+ 47.Kg3 
h5 48.h4 Bc5 49.Rb2 Qc4 50.Qe1 Be7 51.Rb7 Bxh4+ 52.Kxh4 Qxf4+ 53.Kh3 Qxf3+
54.Kh2 Qxb7 55.Qc3 Qe7 56.Qd4 Qe6 57.Qc3 g5 58.Qb2 Kg6 59.Qc2+ Qf5 60.Qc6+
Qe6 61.Qc2+ Qf5 62.Qc6+ Kg7 63.Qc7 Qf2+ 64.Kh1 h4 65.Qe7 Qf1+ 66.Kh2 Qf4+ 
67.Kg2 Qg4+ 68.Kf2 Qf5+ 69.Kg2 Qe6 0-1

[Event "27th Reykjavik op"]
[Site "Reykjavik ISL"]
[Date "2012.03.11"]
[Round "7.12"]
[White "Gislason, Gudmundur"]
[Black "l`Ami, Erwin"]
[WhiteElo "2346"]
[BlackElo "2611"]
[Result "1/2-1/2"]
[EventDate "2012.03.06"]
[PlyCount "127"]

1.d4 Nf6 2.c4 g6 3.g3 Bg7 4.Bg2 O-O 5.Nc3 d6 6.Nf3 c6 7.O-O Bf5 8.Nh4 Be6 
9.Qd3 d5 10.b3 Qa5 11.c5 b6 12.cxb6 axb6 13.Rb1 Qa6 14.Qc2 Nbd7 15.f4 Ne8 
16.Be3 Nd6 17.Bf2 Rac8 18.Rbc1 Nf6 19.Rfd1 Nfe4 20.Nxe4 dxe4 21.e3 Qa3 22.
Qb1 Bf6 23.Rc2 Bd5 24.g4 e6 25.g5 Be7 26.Bf1 h6 27.gxh6 b5 28.Bh3 Kh7 29.
Kh1 Kxh6 30.Rg1 Rh8 31.f5 exf5 32.Nxf5+ Nxf5 33.Bxf5 Rcg8 34.Bg3 Bg5 35.
Qf1 Qe7 36.Be5 f6 37.Rxg5 fxe5 38.Rg4 exd4 39.Rf2 g5 40.Qh3+ Kg7 41.Qg3 
Rh5 42.Kg1 Rf8 43.h4 d3 44.Rxg5+ Rxg5 45.hxg5 d2 46.Bg4 Qxg5 47.Rxd2 Rf3 
48.Bxf3 Qxg3+ 49.Rg2 Qxg2+ 50.Bxg2 b4 51.Kf2 Kf6 52.Kg3 Kg5 53.Bf1 c5 54.
Bc4 Bc6 55.Be2 Bd7 56.Ba6 Bg4 57.Bb7 Bf3 58.Kf2 Kf5 59.Ke1 Ke5 60.Ba6 Bh5 
61.Bc4 Kf5 62.Bb5 Bf7 63.Kf2 Ke5 64.Ba6 1/2-1/2

[Event "27th Reykjavik op"]
[Site "Reykjavik ISL"]
[Date "2012.03.11"]
[Round "7.47"]
[White "Haga, Halvor"]
[Black "Langer, Michael"]
[WhiteElo "2032"]
[BlackElo "2217"]
[Result "0-1"]
[EventDate "2012.03.06"]
[PlyCount "70"]

1.f4 d5 2.Nf3 g6 3.e3 Bg7 4.Be2 Nc6 5.d4 Nf6 6.c4 e6 7.O-O O-O 8.Nc3 b6 9.
Ne5 Bb7 10.b3 Re8 11.Ba3 Ne7 12.Qe1 Nd7 13.Nxd7 Qxd7 14.Bf3 c5 15.dxc5 d4 
16.Rd1 Red8 17.Rd3 Nf5 18.Nd1 Bxf3 19.Rxf3 Qe7 20.e4 Ne3 21.Nxe3 dxe3 22.
Qxe3 Rxd3 23.Qxd3 Rd8 24.Qe2 Bd4+ 25.Kf1 bxc5 26.Bc1 Qb7 27.f5 exf5 28.
exf5 Qd7 29.fxg6 hxg6 30.Rd3 Re8 31.Qf3 Re6 32.Qa8+ Kg7 33.Bg5 Re8 34.Qf3 
Qe6 35.Bh4 Qe4 ( 35...Qe5 36.Bg3 Qg5 37.Bf4 Qe7 38.Bg3 f5 39.Bf2 Qe5 40.
Rd1 Qxh2 41.Qh3 Qxh3 42.gxh3 Re7 43.Bxd4+ cxd4 44.Rd3 Kf6 45.b4 Ke5 46.Kf2
{unreadable} ) 0-1

[Event "27th Reykjavik op"]
[Site "Reykjavik ISL"]
[Date "2012.03.12"]
[Round "8.67"]
[White "Antonsson, Atli"]
[Black "Thorell, Viktor"]
[WhiteElo "1849"]
[BlackElo "2034"]
[Result "1/2-1/2"]
[EventDate "2012.03.06"]
[PlyCount "51"]

1.e4 e6 2.d4 d5 3.e5 c5 4.c3 Nc6 5.Nf3 Bd7 6.a3 Nh6 7.b4 cxd4 8.cxd4 Nf5 
9.g4 Nh4 10.Nxh4 Qxh4 11.Be3 Rc8 12.Be2 Be7 13.Nd2 Bxb4 14.axb4 Nxb4 15.
Rc1 O-O 16.Nf3 Qxg4 17.Rg1 Qe4 18.Bh6 Rxc1 19.Bxc1 Rc8 20.Bh6 g6 21.Kf1 
Rc2 22.Bd2 Rb2 23.Kg2 Ba4 24.Qxa4 Rxd2 25.Re1 Nc6 26.Bd1 1/2-1/2

[Event "27th Reykjavik op"]
[Site "Reykjavik ISL"]
[Date "2012.03.13"]
[Round "9.70"]
[White "Calder, Dennis"]
[Black "Hansen, Erle Andrea Marki"]
[WhiteElo "1948"]
[BlackElo "1793"]
[Result "0-1"]
[EventDate "2012.03.06"]
[PlyCount "60"]

1.d4 Nf6 2.Bg5 Ne4 3.Bf4 d6 4.e3 ( 4.Bg5 ) 4...g5 5.Bg3 h5 6.f3 Nxg3 7.
hxg3 Nd7 8.g4 h4 9.Nh3 e5 10.Nc3 Bg7 11.Qd2 f6 12.Bc4 Nf8 13.O-O-O Bd7 14.
dxe5 fxe5 15.Kb1 Bf6 16.Qe2 Be7 17.g3 c6 18.gxh4 d5 19.Bb3 Rxh4 20.Nf2 
Rxh1 21.Nxh1 Qc7 22.Qh2 O-O-O 23.Nf2 Ng6 24.Qh7 Be8 25.Ne2 Nh4 26.f4 exf4 
27.exf4 gxf4 28.Nd4 Bg6 29.Qg7 Qd6 30.Qh6 Bxc2+ 0-1